[Event "Challenge"]
[Site "http://www.queenalice.com/game.php?id=1263532"]
[Date "2014.3.9"]
[Round "-"]
[White "sss"]
[Black "marcosuc"]
[Result "0-1"]
[WhiteElo "1512"]
[BlackElo "1483"]

1. e4 d5 2. Nc3 Nf6 3. exd5 Nxd5 4. Nxd5 Qxd5 5. Nf3 Bg4 6. Be2 e6 7. h3 Bxf3 8.
Bxf3 Qd4 9. Bxb7 Bc5 10. Qf3 Nd7 11. c3 Qe5+ 12. Qe2 Rb8 13. Bc6 Qd6 14. Bxd7+
Qxd7 15. d4 Bb6 16. Qg4 O-O 17. O-O c6 18. Bf4 Bc7 19. Bxc7 Qxc7 20. b4 a5 21.
a3 e5 22. dxe5 Qxe5 23. Qg3 Qf6 24. bxa5 Ra8 25. Qc7 Qxc3 26. a6 Rxa6 27. Rac1
Qxa3 28. Rxc6 Rxc6 29. Qxc6 h5 30. Qe4 Rb8 31. Rd1 Qc5 32. Rd7 g6 33. Qf4 f5 34.
Qh6 Rb1+ 35. Kh2 Qe5+ 36. g3 Qf6 37. Qh7+ Kf8 38. Rc7 Re1 39. Rc8+ Re8 40. Rxe8+
Kxe8 41. Qg8+ Ke7 42. Qc4 Qb2 43. Qc5+ Kf6 44. h4 Ke6 45. Kh3 Qa1 46. Kg2 Qb1
47. Qe3+ Kf7 48. Kf3 Qb7+ 49. Qe4 Qxe4# 0-1

[Event "Challenge"]
[Site "http://www.queenalice.com/game.php?id=1264273"]
[Date "2014.3.12"]
[Round "-"]
[White "sss"]
[Black "marcosuc"]
[Result "1-0"]
[WhiteElo "1411"]
[BlackElo "1486"]

1. e4 e5 2. Nf3 Bc5 3. Bc4 Qf6 4. d3 h6 5. Qe2 Bb4+ 6. Bd2 Nc6 7. a3 Bxd2+ 8.
Nbxd2 Nd4 9. Nxd4 exd4 10. Qf3 Qg6 11. e5 d6 12. exd6 Bg4 13. Qxb7 Rd8 14. Qxc7
Rxd6 15. h3 Qe6+ 16. Bxe6 Rxe6+ 17. Kf1 Be2+ 18. Kg1 h5 19. Nf3 f6 20. Qxg7 Ne7
21. Qxh8+ Kd7 22. Nxd4 Ng6 23. Qg7+ Re7 24. Qxg6 a5 25. Nxe2 a4 26. Qf5+ Ke8 27.
Kh2 Re5 28. Qc8+ Ke7 29. Nf4 Kf7 30. Rae1 Rg5 31. Qc7+ Kf8 32. Ne6+ Kg8 33. Nxg5
Kf8 34. Qf7# 1-0

[Event "Challenge"]
[Site "http://www.queenalice.com/game.php?id=1264274"]
[Date "2014.3.12"]
[Round "-"]
[White "sss"]
[Black "marcosuc"]
[Result "0-1"]
[WhiteElo "1532"]
[BlackElo "1484"]

1. e4 Nf6 2. Nc3 Nc6 3. Nf3 d5 4. exd5 Nb4 5. Bb5+ Bd7 6. a3 Nbxd5 7. Bxd7+ Qxd7
8. Nxd5 Qxd5 9. O-O g5 10. h3 g4 11. Nh2 gxh3 12. gxh3 e6 13. Qf3 Qe5 14. Ng4
Nxg4 15. Qxg4 Bd6 16. f4 Bc5+ 17. Kh2 Qf6 18. d3 O-O-O 19. Rb1 Rdg8 20. Qd1 Qg6
21. Bd2 Qg2# 0-1

[Event "Challenge"]
[Site "http://www.queenalice.com/game.php?id=1264275"]
[Date "2014.3.12"]
[Round "-"]
[White "sss"]
[Black "marcosuc"]
[Result "1-0"]
[WhiteElo "1496"]
[BlackElo "1502"]

1. e4 d5 2. f4 dxe4 3. Nc3 Qd4 4. d3 e3 5. Nf3 Qb6 6. Qe2 Bg4 7. Bxe3 Qxb2 8.
Bd4 Qxa1+ 9. Kf2 Be6 10. Nd5 Qxa2 11. Nxc7+ Kd7 12. Nxa8 Qd5 13. Ne5+ Ke8 14.
Nc7+ Kd8 15. Nxd5 Bxd5 16. Bxa7 Nc6 17. Nxc6+ bxc6 18. c4 Be6 19. g3 h5 20. Bg2
Nf6 21. Bf3 Bc8 22. Bc5 e6 23. Bxf8 Rxf8 24. Bxc6 Kc7 25. Bb5 g6 26. Qe5+ Kd8
27. Qxf6+ Kc7 28. Ra1 Kd6 29. Qe5+ Ke7 30. Ra7+ Kd8 31. Qd6+ Bd7 32. Qxd7# 1-0

[Event "Challenge"]
[Site "http://www.queenalice.com/game.php?id=1264276"]
[Date "2014.3.12"]
[Round "-"]
[White "sss"]
[Black "marcosuc"]
[Result "0-1"]
[WhiteElo "1464"]
[BlackElo "1459"]

1. e4 e5 2. Nf3 Qf6 3. Bc4 Nc6 4. d3 Nd4 5. Nxd4 Bc5 6. c3 exd4 7. cxd4 Bxd4 8.
Qf3 Qg6 9. Nc3 Bxc3+ 10. bxc3 d6 11. h3 h5 12. Qg3 Qf6 13. Bb2 h4 14. Qf3 Nh6
15. Qxf6 gxf6 16. Bb3 Rg8 17. Rg1 a5 18. a4 Ra6 19. c4 Rb6 20. Ra3 c5 21. Bxf6
Rg6 22. Bxh4 f6 23. Bd1 Rb1 24. Ke2 Nf7 25. Re1 Rb6 26. Kf1 Nd8 27. Rb3 Rxb3 28.
Bxb3 Nc6 29. Bg3 Nd4 30. Bd1 b6 31. Bh5 Kf7 32. Bxg6+ Kxg6 33. Bxd6 Nc2 34. Re2
Nb4 35. Re3 Bd7 36. Rg3+ Kf7 37. f4 Bxa4 38. e5 Bc2 39. Ke2 Ke6 40. Bc7 a4 41.
Bxb6 fxe5 42. fxe5 Kxe5 43. Bxc5 Nc6 44. Kd2 Bb3 45. Kc3 Nd8 46. Bd4+ Ke6 47.
Re3+ Kd7 48. g4 Bd1 49. g5 a3 50. g6 a2 51. Kd2 Bh5 52. g7 Bf7 53. h4 Ne6 54. h5
Nxd4 55. h6 a1=Q 56. h7 Nb3+ 57. Ke2 Qxg7 0-1

[Event "Challenge"]
[Site "http://www.queenalice.com/game.php?id=1268401"]
[Date "2014.3.27"]
[Round "-"]
[White "eduardocosta"]
[Black "marcosuc"]
[Result "1-0"]
[WhiteElo "1661"]
[BlackElo "1499"]

1. e3 d5 2. Be2 d4 3. Nf3 Nc6 4. Bb5 Bg4 5. h3 Bxf3 6. Qxf3 a6 7. Bxc6+ bxc6 8.
Qxc6+ Qd7 9. Qxa8+ Qd8 10. Qxd8+ Kxd8 11. exd4 g6 12. b3 e6 13. Bb2 Bg7 14. O-O
Nh6 15. Na3 Re8 16. Nc4 g5 17. c3 Kc8 18. Na3 Bf6 19. Nc2 a5 20. Na3 Nf5 21. Nc4
Rd8 22. Nxa5 Nd6 23. Ba3 Ne4 24. Bc1 Nd6 25. f3 Nf5 26. Nc6 Rd6 27. Ne5 Ng3 28.
Rf2 Kd8 29. Ng4 Bg7 30. a4 Rd7 31. b4 c6 32. a5 f5 33. Ne3 f4 34. Nc4 Ke7 35. a6
Ra7 36. Nb6 Kd6 37. Nc8+ Kc7 38. Nxa7 Kb6 39. Nc8+ Kc7 40. Ne7 Bf8 41. Nxc6 Kxc6
42. a7 1-0

[Event "Challenge"]
[Site "http://www.queenalice.com/game.php?id=1273017"]
[Date "2014.4.14"]
[Round "-"]
[White "recchdegomm1"]
[Black "marcosuc"]
[Result "0-1"]
[WhiteElo "1428"]
[BlackElo "1500"]

1. e4 d5 2. Nf3 Bg4 3. Nc3 dxe4 4. Bc4 exf3 5. gxf3 Bh3 6. Ne4 Nc6 7. a3 Nd4 8.
c3 Nc6 9. d4 Nf6 10. b4 Nxe4 11. fxe4 Qc8 12. f3 e5 13. Qa4 a5 14. Qb3 exd4 15.
Bxf7+ Ke7 16. Bg5+ Kd7 17. Be6+ Ke8 18. Bxc8 Rxc8 19. b5 Na7 20. Qe6+ Bxe6 21.
cxd4 Nxb5 22. Be3 Bxa3 23. Rd1 Bb3 24. Rb1 a4 25. Bf4 Rf8 26. Be5 Rxf3 27. Ke2
Rh3 28. d5 g5 29. Kf2 Bd6 30. Kg2 g4 31. Bg3 Bxg3 32. Kf1 Bxh2 33. Kf2 Be5 34.
Rhg1 Nc3 35. Rbf1 Bd4+ 36. Ke1 Bxg1 37. Rxg1 Re3+ 38. Kf2 Rxe4 39. d6 cxd6 40.
Rxg4 Nd1+ 41. Kf3 Re3+ 0-1

[Event "Challenge"]
[Site "http://www.queenalice.com/game.php?id=1273670"]
[Date "2014.4.17"]
[Round "-"]
[White "PRZ"]
[Black "marcosuc"]
[Result "0-1"]
[WhiteElo "1354"]
[BlackElo "1489"]

1. Nf3 e5 2. e4 Bc5 3. Nxe5 Qf6 4. d4 d6 5. Ng4 Qe7 6. dxc5 dxc5 7. c3 Bxg4 8.
Bb5+ c6 9. Qxg4 cxb5 10. Nd2 g6 11. Qc8+ Qd8 12. Qxb7 Nd7 13. Qxb5 Nf6 14. e5
Ng4 15. Nf3 O-O 16. O-O Ndxe5 17. Nxe5 Nxe5 18. Qxc5 Ng4 19. Bg5 Qb8 20. b4
Qxh2# 0-1

[Event "Challenge"]
[Site "http://www.queenalice.com/game.php?id=1280612"]
[Date "2014.5.10"]
[Round "-"]
[White "marcosuc"]
[Black "PRZ"]
[Result "1-0"]
[WhiteElo "1513"]
[BlackElo "1403"]

1. e4 Nc6 2. Bc4 e6 3. Bb5 a6 4. Bxc6 bxc6 5. Nf3 d5 6. Ne5 dxe4 7. Qh5 Nh6 8.
d3 g6 9. Qh3 exd3 10. cxd3 c5 11. Qf3 Rb8 12. Bxh6 Bxh6 13. Qxf7# 1-0

[Event "Challenge"]
[Site "http://www.queenalice.com/game.php?id=1280613"]
[Date "2014.5.10"]
[Round "-"]
[White "PRZ"]
[Black "marcosuc"]
[Result "0-1"]
[WhiteElo "1411"]
[BlackElo "1536"]

1. c4 e5 2. Qc2 Bb4 3. a3 Bc5 4. Qc3 Qf6 5. e3 Nh6 6. b4 Bd6 7. c5 Be7 8. f4
exf4 9. exf4 d5 10. Qc2 Qh4+ 11. g3 Qf6 12. Nc3 Bf5 13. Qa4+ c6 14. Nxd5 Qxa1
15. Nc7+ Kd8 16. Nxa8 Qxc1+ 17. Qd1 Qxa3 18. Qh5 Qxb4 19. Qf3 Qxc5 20. Bd3 Qc1+
21. Qd1 Qc5 22. Qa1 a6 23. Qxg7 Rg8 24. Qxh6 Bxd3 25. Nf3 Qc1+ 26. Kf2 Qxh1 27.
Ng1 Bc5+ 0-1

[Event "Challenge"]
[Site "http://www.queenalice.com/game.php?id=1281483"]
[Date "2014.5.13"]
[Round "-"]
[White "recchdegomm1"]
[Black "marcosuc"]
[Result "0-1"]
[WhiteElo "1397"]
[BlackElo "1525"]

1. e4 d5 2. Nc3 dxe4 3. Nxe4 Nf6 4. f3 Nc6 5. Bb5 Qd5 6. Nc3 Qe5+ 7. Nge2 Bd7 8.
O-O Nd4 9. Re1 e6 10. a3 Bd6 11. Ng3 Qg5 12. d3 Qg6 13. Be3 Nxb5 14. d4 Bxg3 15.
a4 Bxe1 16. Nxb5 Bxb5 17. Qxe1 Qxc2 18. axb5 O-O-O 19. Rc1 Qxb2 0-1

[Event "Challenge"]
[Site "http://www.queenalice.com/game.php?id=1283939"]
[Date "2014.5.25"]
[Round "-"]
[White "recchdegomm1"]
[Black "marcosuc"]
[Result "0-1"]
[WhiteElo "1389"]
[BlackElo "1547"]

1. e4 d5 2. Nf3 dxe4 3. Nd4 Qxd4 4. d3 e6 5. Qe2 Bb4+ 6. Bd2 Qxb2 7. Qh5 Qxa1 8.
Qd1 Bxd2+ 9. Nxd2 Qxa2 10. c3 exd3 11. Bxd3 Qd5 12. O-O b6 0-1

[Event "Challenge"]
[Site "http://www.queenalice.com/game.php?id=1286301"]
[Date "2014.6.6"]
[Round "-"]
[White "PRZ"]
[Black "marcosuc"]
[Result "0-1"]
[WhiteElo "1431"]
[BlackElo "1565"]

1. e4 d5 2. e5 Nc6 3. Nf3 Bg4 4. d4 e6 5. h3 Bxf3 6. Qxf3 Nxd4 7. Qd3 Qh4 8. g3
Qe4+ 9. Qxe4 dxe4 10. Nc3 Nxc2+ 11. Kd1 Nxa1 12. Bg2 Rd8+ 13. Ke2 Nc2 14. Bxe4
Nd4+ 15. Ke3 Bb4 16. Nb5 Nxb5 17. Bxb7 Nh6 18. Bc6+ Ke7 19. a3 Bc5+ 20. Ke4 Rd4+
21. Kf3 Rhd8 22. Bxb5 Nf5 23. g4 Nh4+ 24. Kg3 Ng6 25. b4 Rd3+ 26. Bxd3 Rxd3+ 27.
f3 Be3 28. Bb2 f6 29. exf6+ gxf6 30. h4 Bf4+ 31. Kh3 Rxf3+ 32. Kg2 Rd3 33. Bc1
a6 34. h5 Rg3+ 35. Kf1 Bxc1 36. hxg6 hxg6 37. Rh7+ Kd6 38. Rh4 Rxa3 39. Rh1 Bd2
40. Ke2 Bxb4 41. Rd1+ Ke7 42. Rd4 Ra2+ 0-1

[Event "AUTO-INT-2872"]
[Site "http://www.queenalice.com/game.php?id=1290270"]
[Date "2014.6.24"]
[Round "1"]
[White "dbwright308"]
[Black "marcosuc"]
[Result "1-0"]
[WhiteElo "1703"]
[BlackElo "1540"]

1. e4 d5 2. e5 e6 3. d4 Bb4+ 4. c3 Ba5 5. b4 Bb6 6. a4 a5 7. b5 Nh6 8. Bd3 Qh4
9. g3 Qe7 10. Bxh6 gxh6 11. Qc2 Nd7 12. Bxh7 f5 13. Bg6+ Kf8 14. Bh5 Qg5 15. Be2
h5 16. h4 Qg6 17. Nh3 Ke8 18. Nf4 Qh6 19. Bxh5+ Kd8 20. Bf7 Nf8 21. c4 Rh7 22.
Bh5 Bxd4 23. Ra3 Bd7 24. cxd5 Bxe5 25. dxe6 Bxf4 26. Qxf5 Bxe6 27. Rd3+ 1-0

[Event "AUTO-INT-2872"]
[Site "http://www.queenalice.com/game.php?id=1290271"]
[Date "2014.6.24"]
[Round "1"]
[White "marcosuc"]
[Black "dbwright308"]
[Result "0-1"]
[WhiteElo "1561"]
[BlackElo "1709"]

1. d4 d5 2. Nf3 e6 3. Ng5 h6 4. Nf3 Nf6 5. g3 c5 6. Bh3 g5 7. O-O c4 8. b3 b5 9.
Ba3 Bxa3 10. Nxa3 Nc6 11. Nxb5 Ba6 12. bxc4 dxc4 13. Rb1 g4 14. Ne5 Bxb5 15.
Rxb5 Nxd4 16. Rb4 gxh3 17. Rxc4 Nf5 18. g4 Rg8 19. Rd4 Nxd4 20. c3 Qd5 21. cxd4
Qg2# 0-1

[Event "AUTO-INT-2872"]
[Site "http://www.queenalice.com/game.php?id=1290286"]
[Date "2014.6.24"]
[Round "1"]
[White "B07109"]
[Black "marcosuc"]
[Result "1-0"]
[WhiteElo "1464"]
[BlackElo "1557"]

1. Nf3 d5 2. g3 Bg4 3. Bg2 Bxf3 4. Bxf3 Nf6 5. c4 c6 6. cxd5 cxd5 7. d4 Qa5+ 8.
Bd2 Qb5 9. Nc3 Qxb2 10. O-O e6 11. Qa4+ Nbd7 12. Nb5 Qxd2 13. Nc7+ Kd8 14. Nxa8
Nb6 15. Nxb6 axb6 16. Qa8+ Ke7 17. Qxb7+ Ke8 18. Rac1 Nd7 19. Rc7 Ke7 20. Qc8
Kf6 21. Qxd7 h5 22. Qxf7+ Kg5 23. h4+ Kh6 24. Qxh5# 1-0

[Event "AUTO-INT-2872"]
[Site "http://www.queenalice.com/game.php?id=1290287"]
[Date "2014.6.24"]
[Round "1"]
[White "marcosuc"]
[Black "B07109"]
[Result "0-1"]
[WhiteElo "1557"]
[BlackElo "1367"]

1. e4 d6 2. Bc4 Nf6 3. Qf3 e5 4. Nh3 Be7 5. Ng5 O-O 6. Qg3 h6 7. Nh3 Nxe4 8. Qe3
d5 9. f3 Bxh3 10. gxh3 Bc5 11. Qb3 Qh4+ 12. Kd1 Nf2+ 13. Ke2 Nxh1 14. Bxd5 Nc6
15. Bxc6 Qf2+ 16. Kd3 Rad8+ 17. Ke4 Qd4+ 18. Kf5 Qf4# 0-1

[Event "AUTO-INT-2872"]
[Site "http://www.queenalice.com/game.php?id=1290296"]
[Date "2014.6.24"]
[Round "1"]
[White "ZKTIE"]
[Black "marcosuc"]
[Result "0-1"]
[WhiteElo "1395"]
[BlackElo "1542"]

1. e4 d5 2. e5 Nc6 3. d4 e6 4. Nf3 Bb4+ 5. c3 Ba5 6. Bd2 Nh6 7. a3 O-O 8. h3 f5
9. Bd3 a6 10. O-O f4 11. b4 Bb6 12. Qc1 g5 13. Qc2 Rf7 14. Bxh7+ Rxh7 15. Qg6+
Kh8 16. Nxg5 Re7 17. Qxh6+ Kg8 18. Qg6+ Rg7 19. Qh6 Rxg5 20. Bxf4 Rf5 21. g3 a5
22. b5 Ne7 23. Nd2 Qf8 24. Qh4 Ng6 25. Qg4 Qf7 26. Nf3 Bd7 27. Ng5 Rxg5 28. Bxg5
a4 0-1

[Event "AUTO-INT-2872"]
[Site "http://www.queenalice.com/game.php?id=1290297"]
[Date "2014.6.24"]
[Round "1"]
[White "marcosuc"]
[Black "ZKTIE"]
[Result "1-0"]
[WhiteElo "1531"]
[BlackElo "1406"]

1. d4 d5 2. Nf3 Nf6 3. Nc3 Nc6 4. Bg5 h6 5. Bxf6 exf6 6. e4 Bb4 7. e5 Bg4 8. Bb5
a6 9. Bxc6+ bxc6 10. O-O O-O 11. h3 Bh5 12. g4 Bg6 13. a3 Be4 14. axb4 Re8 15.
Nxe4 dxe4 16. Nd2 Qxd4 17. exf6 Rad8 18. Nb3 Qxf6 19. Qe2 Qh4 20. Rxa6 Qxh3 21.
Rxc6 Rd7 22. Nc5 Rde7 23. f4 Qg3+ 24. Qg2 Qxg2+ 25. Kxg2 e3 26. Re1 e2 27. Kf2
f6 28. f5 1-0

[Event "Challenge"]
[Site "http://www.queenalice.com/game.php?id=1292658"]
[Date "2014.7.5"]
[Round "-"]
[White "marcosuc"]
[Black "PRZ"]
[Result "0-1"]
[WhiteElo "1551"]
[BlackElo "1395"]

1. e4 e5 2. Bc4 Nf6 3. g4 d5 4. exd5 Nxg4 5. h3 Qf6 6. hxg4 Bc5 7. Nf3 e4 8. g5
Qf4 9. d4 Qxf3 10. Rh4 Be7 11. Nd2 Qg2 12. Rxe4 Qg1+ 13. Ke2 Bg4+ 14. f3 Qg2+
15. Kd3 Bf5 16. Bb5+ c6 17. dxc6 bxc6 18. Ba4 Bxe4+ 19. Nxe4 O-O 20. Bf4 f6 21.
gxf6 gxf6 22. Bxb8 Raxb8 23. b3 Qg7 24. Bxc6 f5 25. Nf2 Rb4 26. Qe1 f4 27. a3
Qg6+ 28. Be4 Qd6 29. axb4 Bf6 30. Qh1 Qxd4+ 31. Ke2 Qe3+ 32. Kf1 Rf7 33. Ra6
Qc1+ 34. Kg2 Rg7+ 35. Kh2 Qe3 36. Ng4 Rxg4 37. fxg4 Qg3# 0-1

[Event "Challenge"]
[Site "http://www.queenalice.com/game.php?id=1292700"]
[Date "2014.7.5"]
[Round "-"]
[White "zmanomega"]
[Black "marcosuc"]
[Result "1-0"]
[WhiteElo "1613"]
[BlackElo "1576"]

1. e4 d5 2. Nc3 d4 3. Nb5 c6 4. Na3 e5 5. Qf3 Bxa3 6. Bc4 Be6 7. Bxe6 fxe6 8.
Qxa3 Qg5 9. g3 Nf6 10. Nf3 Qg6 11. d3 Rf8 12. Qd6 Ng4 13. h3 Nf6 14. Nxe5 Qg5
15. Bxg5 h6 16. Qxe6+ Kd8 17. Bxf6+ gxf6 18. Nf7+ Rxf7 19. Qxf7 Nd7 20. Qg8+ Kc7
21. Qxa8 Nb6 22. Qxa7 h5 23. Qa5 c5 24. O-O-O Kc6 25. a4 Kc7 26. f4 Kc6 27. Qb5+
Kc7 28. Qxc5+ 1-0

[Event "Challenge"]
[Site "http://www.queenalice.com/game.php?id=1294153"]
[Date "2014.7.12"]
[Round "-"]
[White "recchdegomm1"]
[Black "marcosuc"]
[Result "0-1"]
[WhiteElo "1401"]
[BlackElo "1529"]

1. e4 d5 2. Nc3 d4 3. Bc4 dxc3 4. bxc3 h5 5. Nh3 Bg4 6. Be2 e5 7. g3 Bxh3 8. d4
exd4 9. cxd4 Nc6 10. d5 Qf6 11. f3 Bb4+ 12. Bd2 Bxd2+ 13. Qxd2 Qxa1+ 14. Bd1
Qxa2 15. dxc6 bxc6 16. Qc3 O-O-O 17. Qxg7 Ne7 18. Qxf7 Qa1 19. Ke2 Kd7 20. Qb3
c5 21. Qb5+ Kc8 22. Qxc5 Qa6+ 23. Ke1 Nc6 24. Qg5 Nb4 25. Qh4 Bg2 26. Rg1 Rxd1+
27. Kxd1 Qa1+ 28. Ke2 Qxg1 29. e5 Qf1+ 30. Ke3 Nxc2+ 31. Kd2 Qf2+ 32. Kd3 Na3
33. Qf6 Rd8+ 34. Ke4 Rd4+ 35. Kf5 Qxf3+ 36. Kg6 Qg4+ 37. Kf7 Qf3 38. Kg7 Rd7+
39. Kg6 c5 40. e6 Qxf6+ 41. Kxf6 Rd6 42. Ke5 Nc4+ 43. Kf6 Bd5 44. Ke7 Rxe6+ 45.
Kf7 Ne5+ 46. Kf8 Kd7 47. Kg7 c4 48. Kh7 c3 49. Kg7 c2 50. Kf8 c1=Q 51. Kg7 Qh6+
52. Kg8 Ke7 53. h3 Rf6# 0-1

[Event "Challenge"]
[Site "http://www.queenalice.com/game.php?id=1303689"]
[Date "2014.8.23"]
[Round "-"]
[White "recchdegomm1"]
[Black "marcosuc"]
[Result "0-1"]
[WhiteElo "1386"]
[BlackElo "1552"]

1. d4 e6 2. Nf3 Bb4+ 3. c3 Bd6 4. a4 Nf6 5. h3 Nd5 6. e4 Nf6 7. Na3 Bxa3 8. bxa3
e5 9. Bg5 exd4 10. Bh4 g5 11. e5 gxh4 12. Qxd4 Nc6 13. Qxh4 Nd5 14. c4 Qxh4 15.
Nxh4 Nc3 16. Nf5 Nxa4 17. Ng7+ Kf8 18. Nh5 Nd4 19. Kd2 Nb3+ 20. Kd3 Nxa1 21. Be2
Nb3 22. Bd1 Nac5+ 23. Kc3 Na5 24. Kb4 b6 25. Bf3 Bb7 26. Nf6 Bxf3 0-1